| 000 | 01001naa a2200241 a 4500 | ||
|---|---|---|---|
| 001 | 41071 | ||
| 003 | BD-RjUL | ||
| 005 | 20211209053326.0 | ||
| 008 | 160514s2004 ii ||||| |||| 00| 0 ben d | ||
| 020 |
_a8170793602 _c: IRs. 160 |
||
| 035 | _a(BD-RjUL) 41187 | ||
| 040 |
_aBD-RjUL _bben _cBD-RjUL _dBD-RjUL |
||
| 041 | _aben | ||
| 082 |
_223 _a891.44092 _bBAM 2004 |
||
| 100 |
_aবসু, যোগীন্দ্রনাথ _9126361 |
||
| 245 | 1 | 0 |
_aমাইকেল মধুসূদন দত্তের জীবনচরিত / _cযোগীন্দ্রনাথ বসু |
| 250 | _a৩য় দে'জ সং. | ||
| 260 |
_aকল্কাতা : _bদে'জ পাব্লিশিং, _c২০০৪ |
||
| 300 |
_a৪৯৬ পৃ. ; _c২০ সেমি. |
||
| 600 |
_aদত্ত, মাইকেল মধুসূদন _d১৮২৪-১৮৭৩ _xজীবনি _9126362 |
||
| 600 |
_aDutt, Micheal Madhusudan _d1824-1873 _xBiography _9126363 |
||
| 942 |
_2ddc _cBK |
||
| 999 |
_c41071 _d41071 |
||